| 000 | 00787nam a2200241 4500 | ||
|---|---|---|---|
| 008 | |||
| 049 | _aMAIN | ||
| 090 | _aHF5681.D5 | ||
| 100 | _aVassilatou-Thanopoulos, Elly | ||
| 245 | 1 | 0 |
_aFinancial analysis techniques for equipment replacement decisions/ _cElly Vassilatou-Thanopoulous |
| 260 |
_aNew York, _bNational Association of Accountants, _c[c1965] |
||
| 300 |
_a67 p. : _bill. ; _c22 cm. |
||
| 440 |
_aNAA research monograph _vno.1. |
||
| 504 | _aIncludes bibliographies. | ||
| 650 | 0 | _aDepreciation. | |
| 650 | 0 | _aReplacement of industrial equipment. | |
| 650 | 0 | _aFinancial statements. | |
| 907 |
_a.b10211421 _b24-08-06 _c24-08-06 |
||
| 003 | |||
| 005 | 20230123134238.0 | ||
| 040 | _cNUST | ||
| 942 |
_cBOOKS _kHF5681.D5 |
||
| 999 |
_c162548 _d162548 |
||